Policové regály s regálovými boxami PK.
Uložené v:
| Médium: | Kniha |
|---|---|
| Jazyk: | Slovak |
| Vydané: |
[2018].
|
| Vydanie: | 1. vydanie |
| Témy: | |
| On-line prístup: | http://www.bito.sk http://www.bito.com |
| Fyzický popis: |
1 list. |
| Tagy: |
Pridať tag
Žiadne tagy, Buďte prvý kto otaguje tento záznam!
|
Titul je dostupný aj v ... 

MARC
| LEADER | 00000nam^a22000003a^4500 | ||
|---|---|---|---|
| 001 | 000574721 | ||
| 003 | SVKKK | ||
| 005 | 20180313103117.0 | ||
| 008 | 180305s2018 xo |||| 0 slo^d | ||
| 040 | |a SVKKK |b slo |c SVKKK |e AACR2 | ||
| 041 | 0 | |a slo | |
| 044 | |a xo |c SK | ||
| 080 | |a 621.796.5 |2 2001 | ||
| 110 | 2 | |a BITO-Lagertechnik Bittmann GmbH |c Obertor 29, D-55590 Meisenheim, Nemecko |4 mfr | |
| 245 | 1 | 0 | |a Policové regály s regálovými boxami PK. |
| 250 | |a 1. vydanie | ||
| 260 | |c [2018]. | ||
| 300 | |a 1 list. | ||
| 655 | 7 | |a firemné prospekty |2 SNKPH | |
| 710 | 2 | |a BITO-Skladovacia technika, s. r. o. |c Sládkovičova 757/38A, 957 01 Bánovce nad Bebravou |4 dst | |
| 856 | 4 | 1 | |u http://www.bito.sk |
| 856 | 4 | 1 | |u http://www.bito.com |
| 910 | |a svkkk | ||
| 998 | |a FL | ||
| 090 | |g SCKHL |k SK42 |a 621.796.5 |j 236381 |i 2720525107 |4 zastaraná |s Vyradená | ||